000 nam a22 a 4500
999 _c237
_d237
003 AKMAL
005 20170427153254.0
008 170427s2007 my | e bi l001 0 may d
020 _a9789834291976 (kkrs.) :
_cRM94.00
020 _a9789834291976 (kkrs.)
040 _aAKMAL
082 0 4 _a959.5 CHA
_222
090 0 0 _a959.5
_bCHA
100 0 _aChamil Wariya,
_cDato',
_d1952-
_9536
245 1 0 _aMalaysia :
_b50 fakta asas kenegaraan /
_cChamil Wariya
246 3 0 _aLima puluh fakta asas kenegaraan
260 _aKuala Lumpur :
_bMedia Global Matrix,
_c2007
300 _a346ms. ;
_c24cm.
500 _aMengandungi indeks
500 _aKoleksi Peribadi YABhg. Tun Ahmad Sarji (2100296)
504 _aBibliografi : ms. [335]-336
505 _a1. Asas kenegaraan -- 2. Institusi pemerintahan -- 3. Lambang kebangsaan
586 _aPemenang Hadiah Khas Juri Anugerah Kewartawanan Malaysia MPI-Petronas 2005
599 _aDALAM PROSES
651 0 _aMalaysia
_xPolitics and government
_vMiscellanea
_9537
942 _2ddc
_cBOOK